| 000 | 00787nam a2200205 i 4500 | ||
|---|---|---|---|
| 001 | 28719 | ||
| 003 | ES-MaACL | ||
| 005 | 20230906153921.0 | ||
| 007 | t| | ||
| 008 | 030120s1862 fr ||||1| fre d | ||
| 100 | 1 |
_aBarante, Prosper Brugière _cbaron de ( _d1782-1866) _925324 |
|
| 245 | 1 | 3 |
_aLe Parlement et la Fronde _b: la vie de Mathieu Molé : notices sur Édouard Molé, procureur général pendant la Ligue et M. le comte Molé / _cpar le baron de Barante. |
| 250 | _a10eme ed. | ||
| 260 |
_aParís : _bDidier et Cie, _c1862. |
||
| 300 |
_aXIX, 464 p. ; _c23 cm. |
||
| 600 | 1 | 4 |
_aMolé, Mathieu ( _d1584-1656) _9152882 |
| 651 | 4 |
_aFrancia- _xHistoria- _y1610-1643, Luis XIII. _9161635 |
|
| 651 | 4 |
_aFrancia- _xHistoria- _y1643-1661, Regencia. _9152883 |
|
| 852 |
_aES-MaACL _jG-2683 |
||
| 999 |
_c28719 _d28719 |
||